[Event "Mitropa Cup 19th"]
[Site "Baden"]
[Date "1999.04.04"]
[Round "4"]
[White "Brunner, Lucas"]
[Black "Moser, Eva"]
[Result "1/2-1/2"]
[WhiteElo "2492"]
[BlackElo "2223"]
[Annotator "Tsesarsky"]
[PlyCount "146"]
[EventDate "1999.04.??"]
[EventType "team-tourn"]
[EventRounds "9"]
[EventCountry "SUI"]
[Source "ChessBase"]
[SourceDate "1999.08.01"]

1. d4 d6 2. e4 Nf6 3. f3 e5 4. dxe5 dxe5 5. Qxd8+ Kxd8 6. Bc4 Be6 7. Bxe6 fxe6
$14 {I really don't understand, why Black play this variation. I think, to
give +/= to White is expensive gift.} 8. Bg5 $6 (8. Nd2 $5 Nc6 9. c3 Bd6 10. a4
Ke7 11. Nc4 h6 12. Nh3 Nd7 13. Be3 a6 14. a5 $14 {1-0 Ivkov,B-Donner,J/Wijk
aan Zee 1968/Inf 05 (30)}) (8. Be3 $5 Nbd7 (8... Bd6 9. Nd2 $14 (9. Ne2 Ke7 10.
Nd2 a6 11. a4 Nc6 12. c3 $14 {1/2-1/2 Hertneck,G-Lutz,C/Munich 1993/Inf 58/
[Hertneck,G] (44)} (12. a5 Bb4 13. c3 Bxa5 14. Nc4 Bb6 15. Nxb6 cxb6 16. Bxb6
$14))) (8... Nc6 9. Nd2 Bd6 (9... Ke8 10. O-O-O Be7 11. Nh3 Nd7 12. Nf2 Kf7 13.
h4 h5 14. Nd3 Rad8 15. c3 b5 16. Kc2 $14 {1/2-1/2 Nicevski,R-Rukavina,J/Zagreb
1977 (41)}) 10. Nh3 Ke7 11. Nf2 h6 12. c3 Rhd8 (12... Rad8 13. Ke2 Nh5 14. Nd3
g5 15. Nc4 Kf6 16. g3 a6 17. a4 Ne7 18. b4 Ng6 19. b5 $14 {1-0 Antonsen,
M-Meyer,L/Copenhagen PC ,EXT 1991 (32)}) (12... Nh5 13. g3 Nf6 14. Ke2 Kf7 15.
a4 a6 16. b4 b5 17. Ra2 Nd7 18. Rha1 $16 {1-0 Eslon,J-Strikovic,A/Saragossa
1992 (41)}) 13. a4 a6 14. Ke2 Rd7 15. Nc4 Rb8 16. a5 Rbd8 17. Rhd1 $14 {1-0
Gomez Esteban,J-Fernandez Lopez,F/Ponferrada 1992 (48)}) 9. Nd2 (9. Nh3 Bb4+
10. Ke2 Ke7 11. c3 Bc5 12. Nd2 Rhd8 13. Nc4 Bxe3 14. Kxe3 a5 15. a4 $14 (15.
Rhd1 b5 16. Na3 c6 17. Rd2 Nb6 18. Rad1 Rxd2 19. Kxd2 b4 20. Nc2 Nc4+ 21. Kc1
bxc3 22. bxc3 Rb8 $11 {0-1 Madera,S-Zapletal,J/Litomysl ,EXT 1994 (47)})) 9...
Bd6 (9... Bc5 10. Bxc5 Nxc5 11. Nc4 (11. O-O-O Ke7 12. Ne2 $14 {1/2-1/2 Banas,
J-Gross,S/Viernheim(7) 1992 (12)}) 11... Nfd7 (11... Ncd7 12. Nh3 Ne8 13. O-O-O
Ke7 14. Rd2 $16 {1-0 Spassky,B-Rivas Pastor,M/Salamanca (4) 1991/ (26)}) 12. a4
(12. b4 Na4 13. Ne2 c5 14. a3 Ke7 15. Kf2 b5 16. Na5 Rhc8 $11 {1/2-1/2
Archipov,S-Chabanon,J/Lippstadt 1993 (29)}) 12... Ke7 13. Nh3 a5 14. Nf2 Nxa4
15. Rxa4 b5 16. Rxa5 bxc4 17. Rxa8 Rxa8 18. Kd2 Nb6 19. Nd1 Rd8+ 20. Kc1 Kd6
21. Nc3 $14 {1-0 Gdanski,J-Czerwonski,A/Gdansk Polish ch 1994 (55)}) 10. Nh3
Ke7 11. Nf2 (11. Ke2 $14) 11... h6 (11... Nb8 12. Ke2 Nc6 13. Nd3 Nd7 14. c3
$14 {1/2-1/2 Schatz,C-Gietl,T/GER Mittelfranken-ch  ,EXT 1995 (29)}) (11... a5
12. a4 Ra6 13. Nd3 Rc6 14. c3 Rf8 15. Ke2 $14 {1-0 Quinteros,M-Iglesias,A/San
Luis Clarin-GP  ,EXT 1995 (61)}) (11... Rhg8 12. O-O-O (12. Ke2 g5 13. g4 h5
14. h4 hxg4 15. hxg5 gxf3+ 16. Kxf3 $16) 12... g5 13. g4 Raf8 (13... h5 14. h4
hxg4 15. hxg5) 14. h4 $16 {1/2-1/2 Arkhipov,S-Panchenko,A/Nabereznye Chelny
1993 (37)}) 12. Rd1 (12. O-O-O $14) 12... Nh5 13. g3 Rhf8 14. Ke2 a5 15. Nd3 a4
16. Nc4 b5 17. Nxd6 cxd6 18. Nb4 $14 {1/2-1/2 Fomina,T-Sheremetieva,M/Manila
olm 1992 (47)}) (8. Nh3 Bd6 (8... Bc5 9. Nf2 Bxf2+ (9... Nc6 10. Nd3 Bd6 11.
Be3 Ke7 12. Nd2 h6 13. Ke2 g5 14. g4 Nd7 15. c3 $14 {1-0 Pachmann,A-Gelashvili,
T/Prague Mladi 1994 (60)}) 10. Kxf2 Nc6 11. Be3 Ke7 12. Na3 a6 13. c3 $14 {1-0
Yusupov,A-Christiansen,L/Las Palmas 1993/Inf 58/ (47)}) (8... h6 9. Be3 Bd6 10.
Nd2 Nc6 11. c3 a5 12. Nf2 (12. a4 $14) 12... a4 13. Ke2 Nd7 14. Nd3 Ke7 15. b4
axb3 16. axb3 b5 17. g3 b4 $14 (17... Nb6 $4 $18 18. c4 bxc4 19. bxc4 {1-0
Alterman,B-Kantsler Boris/Rishon 1994 (19)})) 9. Ke2 (9. Nd2 Ke7 10. Nc4 Nc6
11. Bd2 b5 12. Ne3 a6 13. Nf2 Nb8 14. a4 $16 {1-0 Bezgodov,A-Kasparov,S/Zepter
Open, Minsk BLR 1998 (48)}) 9... Ke7 10. Be3 h6 11. Nd2 Nc6 12. c3 g5 13. Nf2
$14 {1/2-1/2 Alterman,B-Akopian,V/Beer-Sheva ISR 1992 (45)}) 8... h6 9. Bh4 (9.
Be3 $14) 9... Nc6 10. Nd2 (10. c3 $14) 10... Bd6 11. c3 Ke7 12. Ne2 (12. Nh3
Rad8 13. Ke2 $14 {[%cal Gh3f2,Gf2d3]}) 12... Rad8 13. Nc1 g5 14. Bf2 Rdg8 15.
Nd3 (15. O-O g4 16. Bh4 Bc5+ 17. Kh1 Be3 18. Nc4 (18. Bxf6+ Kxf6 19. Nc4 (19.
fxg4+ Ke7 20. Nc4 Bxc1 21. Raxc1 Rxg4 22. Rce1 Rd8 $11) 19... Bxc1 20. Raxc1 (
20. fxg4+ Bf4 21. g3 Rxg4 $15) 20... Ke7 21. Rcd1 (21. fxg4 Rxg4 22. Rce1 Rd8
$11)) (18. Ncb3 Bg5 19. Bxg5 hxg5 20. fxg4 Nxg4 21. h3 Nf6 22. Kg1 $132) 18...
Bg5 19. Bg3 gxf3 20. gxf3 (20. Rxf3 Nxe4 21. Bxe5 Nd2 $1 $15) 20... Bf4 21.
Bxf4 exf4 22. Nd3 Nh5 $11) 15... g4 16. Ke2 Rg6 (16... gxf3+ 17. Kxf3 (17. gxf3
Rg2 18. Rag1 Rhg8 19. Kf1 Rxg1+ 20. Rxg1 Rxg1+ 21. Bxg1 Nh5 22. Nc4 (22. Be3
Nf4 23. Bxf4 exf4 24. Nc4 e5 25. a4 a6 26. b4 Ke6 27. Kg2 b5 (27... h5 28. Nxd6
cxd6 29. Kh3 Kf6 30. Kh4 Kg6 31. b5 Na5 32. Nb4 (32. bxa6 bxa6 33. Nb4 Nc4 34.
Kh3 (34. Nxa6 Nd2 35. Nb4 Nxf3+ 36. Kh3 Ng5+ 37. Kg2 Nxe4 38. a5 Nxc3 39. a6
Nb5 40. Nc6 Kf5 41. a7 Nc7 $19) 34... a5 35. Nc6 Kg5 $15) 32... axb5 33. axb5
Nc4 $15) 28. axb5 axb5 29. Na3 Na7 30. Kh3 Be7 31. Kg4 $14) 22... Nf4 23. Nxf4
(23. Nxd6 cxd6 (23... Nxd3 24. Nxb7 Nxb2 25. Ke2 $14) 24. Nxf4 exf4 25. Ke2 b5
$11) 23... exf4 24. a4 a6 25. b4 (25. Ke2 b5 $11) 25... b5 26. axb5 axb5 27.
Na3 Ne5 28. Ke2 c6 $11) 17... Rg6 $132) 17. Bh4 gxf3+ 18. Kxf3 (18. gxf3 Rg2+
19. Bf2 Rhg8 20. Rag1 Rxg1 21. Rxg1 Rxg1 22. Bxg1 Nh5 23. Be3 Nf4+ 24. Bxf4
exf4 25. a4 (25. Nc4 e5 26. a4 $11) 25... a6 26. Nc4 e5 $11) 18... Ke8 (18...
Rf8 19. g3 $14) (18... Rhg8 19. g3 $14) 19. Bxf6 (19. g3 Rf8 20. Bxf6 Rgxf6+
21. Ke2 Ke7 22. Rhf1 $14 {[%csl Yg3,Yh2]}) 19... Rxf6+ (19... Rf8 20. g3 Rgxf6+
21. Ke2 $14) 20. Ke2 Rg6 21. g3 h5 22. Nf3 Rg4 (22... Rf8 23. b4 (23. Raf1 a5
$14) 23... a6 24. a4 Rgf6 25. Rhf1 b5 26. axb5 axb5 27. Ra8+ Ke7 28. Rxf8 Rxf8
29. Nh4 Rxf1 30. Kxf1 $14) (22... a5 $14) 23. Ke3 Rh7 $2 $16 (23... Rf8 24.
Raf1 Rf6 25. b4 a6 26. a4 b5 27. Ra1 Ke7 28. axb5 axb5 29. Ra6 Kd7 30. Rd1 $18)
(23... a5 $1 $14) 24. b4 a6 25. a4 Bf8 (25... Rg8 26. Rhf1 $16) (25... b5 26.
axb5 axb5 27. Ra6 Kd7 28. Rd1 $18) 26. Ndxe5 (26. b5 $5 Bh6+ (26... axb5 27.
axb5 Bh6+ 28. Kf2 Nd8 29. Ra4 Nf7 30. h3 (30. Ndxe5 Nxe5 31. Nxe5 Rg5 $132)
30... Rg6 31. Ra8+ Ke7 32. Rc8 Kd7 33. Rb8 $18 {[%csl Rb7,Re5]}) 27. Kf2 Nb8
28. Rhe1 Nd7 (28... axb5 29. axb5 Nd7 30. h3 $16) 29. bxa6 bxa6 30. Rab1 Rf7
31. Kg2 Bg7 32. Rb7 $16) 26... Bh6+ 27. Kd3 Nxe5+ 28. Nxe5 Rg5 $8 29. Nf3 (29.
Nc4 $2 Rd7+ 30. Kc2 h4 $1 (30... Rg4 31. Rhe1 Bg7 (31... h4 32. Ne5 Rd2+ 33.
Kb3 Rg8 34. gxh4 (34. Nf3 Rf2 35. Nd4 hxg3 36. hxg3 Rxg3 37. Nxe6 Bd2 38. Nxc7+
Kd7 39. Nd5 Bxe1 40. Rxe1 $11) 34... Rxh2 35. Rh1 Re2 36. Rag1 Rxg1 37. Rxg1
Rxe4 38. Ng4 Bg7 39. Nf2 Re2 40. Rxg7 Rxf2 41. Rxc7 $18) 32. Re2 (32. Rad1 Rxd1
33. Rxd1 Rxe4 34. Kd3 Rg4 $132) 32... h4 33. gxh4 Rxh4 34. Rg1 Rh3 35. Rg3 $16)
31. gxh4 (31. Raf1 b5 32. axb5 axb5 33. Ne3 Rh5 (33... Rg8 34. Rf3 Bxe3 35.
Rxe3 Rg4 36. Rf1 hxg3 37. hxg3 Rdg7 38. Rff3 Ke7 $44) 34. Ng4 Rd2+ 35. Kb3 Bg7
36. Rf3 Re2 $44) 31... Rh5 32. Rag1 b5 33. axb5 axb5 34. Na3 Rxh4 35. Nxb5 Rxe4
36. Re1 Rd2+ 37. Kb3 Rxe1 38. Rxe1 Bf4 $44) 29... Rd7+ 30. Kc2 (30. Kc4 Rg4 31.
Rae1 $14) 30... Rg4 31. Rae1 c5 $2 $18 (31... Bg7 32. Rhf1 $16) 32. b5 $4 $14 (
32. Ne5 Rd2+ 33. Kb3 Rg8 34. bxc5 $18) 32... Bg7 (32... axb5 33. axb5 c4 $14 (
33... Bg7 $14)) 33. Re2 (33. Rhf1 axb5 34. axb5 c4 $14) 33... axb5 34. axb5 b6
$2 $16 (34... c4 $14) 35. Ra1 c4 36. Rd2 Rc7 37. e5 Re4 38. Ra6 Re3 39. Nd4 Rb7
$6 (39... Bxe5 40. Rxb6 Bxd4 41. Rb8+ (41. Rxd4 Ke7 42. Rc6 $16) 41... Ke7 42.
Rxd4 Ra7 43. Rxc4 Ra2+ 44. Kb3 Rxh2 45. Rc7+ $18) 40. Ra8+ $2 $16 (40. Nc6 $18)
40... Kf7 41. Nc6 Kg6 42. Ra4 (42. Re8 $6 Kf7 (42... Kf5 43. Rf2+ $18) 43. Rc8
Kg6 44. Re8 (44. Nd8 Ra7 45. Rxc4 Ra2+ 46. Kd1 Ra1+ 47. Kc2 Ra2+ $11) 44... Kf7
45. Ra8 Kg6 $16) 42... Re4 $2 $18 (42... Bxe5 43. Rxc4 $16) 43. Nd8 $2 $16 (43.
Rd6 Re2+ 44. Rd2 Re4) (43. Rf2 $1 h4 44. gxh4 Rxh4 45. Rg2+ Kh5 (45... Kf5 46.
Nd4+ Ke4 47. Nxe6 $18) 46. Nd4 $18) 43... Re7 44. Ra6 Bxe5 45. Rxb6 Bc7 46. Nc6
(46. Ra6 Bxd8 47. Rxd8 Rb7 48. b6 (48. Rd5 h4 (48... Re2+ 49. Kc1 Rxh2 50.
Rxe6+ Kf7 51. Rh6 Ra7 52. Rh7+ Ke6 53. Rxa7 Kxd5 $44)) 48... Kf6 49. Kd2 (49.
Rd4 Re2+ 50. Rd2 Re5 51. Kb1 Ke7 52. Rb2 Kd6 53. Ra7 Kc6 54. Ra4 $16) 49... Re5
50. Rd4 Rc5 (50... Rb5 51. Rxc4 R7xb6 52. Rxb6 Rxb6 $16) 51. Ke3 $16) 46...
Bxb6 47. Nxe7+ Kf6 48. Nc8 Ba5 49. Rd4 (49. Nd6 Re5 (49... Re3 50. Kd1 Bxc3 51.
Rf2+ Ke7 52. Nxc4 Re4 53. Rf4 Rxf4 54. gxf4 $18) 50. Nxc4 Rxb5 51. Rf2+ Ke7 52.
Nxa5 Rxa5 53. Kb3 $16) 49... Re2+ 50. Kd1 (50. Rd2 Re3 $132) 50... Rb2 (50...
Rxh2 51. Rxc4 Ke5 52. b6 Kd5 53. b7 (53. Rc7 Rb2 54. c4+ Kd4 55. c5 Rb1+ 56.
Ke2 Rb2+ 57. Kf3 Rb3+ (57... Be1 58. g4 Rf2+ 59. Kg3 Rb2+ 60. Kf4 h4 61. Kg5
Bg3 62. c6 Bxc7 63. bxc7 h3 64. Ne7 h2 65. c8=Q h1=Q 66. Qd7+ Ke5 67. Ng6+ $18)
58. Kg2 Rb5 59. Rc6 Kd5 (59... Rxc5 60. b7 $18) 60. Ne7+ Kd4 61. Rc8 $18) 53...
Rb2 54. Rb4 Rxb4 55. cxb4 Bc7 $11) 51. Rxc4 (51. Rf4+ Kg7 (51... Ke5 52. Rxc4
Rxb5 53. Ke2 $16) 52. Rxc4 Rxb5 $16) 51... Rxb5 52. Kc2 (52. Nd6 $2 Rd5+ 53.
Rd4 Rxd4+ 54. cxd4 Bb6 55. Nb5 Kf5 $11) (52. Na7 $2 Rb2 53. Rc5 Bb6 54. Rb5
Rxb5 55. Nxb5 Kf5 56. Ke2 Kg4 57. Nd4 Bxd4 58. cxd4 Kh3 $11) 52... Rf5 53. Kb3
Rf3 54. Nd6 (54. Rc5 Rf5 55. Rxf5+ exf5 56. Kc4 (56. c4 Ke6 57. c5 Kd5 58. Ka4
Bc7 59. Kb5 h4 60. Ne7+ Ke6 61. Nxf5 Kxf5 62. gxh4 Bxh2 $11) 56... Ke6 57. Na7
Bc7 58. Nb5 Bb8 59. Nd4+ Kf6 60. Kd5 f4 61. gxf4 Bxf4 62. h3 $16) 54... Bd8 55.
Ne4+ Kg6 56. Kc2 (56. Rc5 h4 $44) 56... h4 57. Kd2 (57. Rd4 Be7 58. Kd2 hxg3
59. hxg3 Bg5+ 60. Ke2 Re3+ 61. Kf2 Bh6 62. Rc4 Rd3 63. Rc6 Kf5 64. Nd6+ (64.
Rxe6 Rxc3 65. Rxh6 Kxe4 $11) 64... Kf6 65. Nb5 $16) 57... hxg3 58. hxg3 Bg5+
59. Nxg5 $2 $44 {Rook endgame is draw.} (59. Ke2 Rf7 (59... Re3+ 60. Kf2 Bh6
61. Rd4 e5 (61... Kf5 62. Nd6+ Kf6 63. Rh4 $18) 62. Rc4 (62. Rd6+ Kf5 63. Rxh6
Kxe4 64. Rc6 Rd3 65. Rc4+ Kf5 66. Rc8 Ke4 $44) 62... Rd3 (62... Kf5 63. Nd6+
Ke6 64. Nb5 Kd5 65. Rh4 Bg5 66. Rh5 $18) 63. Rc6+ Kh7 64. Re6 Bg7 65. Ke2 $18)
60. Rc5 Bd8 $16) 59... Kxg5 60. Re4 Rxg3 61. Rxe6 Kf5 62. Re8 Rg7 63. c4 Rg3
64. Kc2 Ra3 65. Kb2 Rg3 66. Re1 (66. c5 Kf6 67. c6 Rg7 68. Rc8 (68. Kc3 Rc7 $11
) 68... Ke6 $11) 66... Rh3 67. Re2 Rg3 68. c5 Rh3 69. c6 Rh8 70. Kb3 Rc8 71.
Rc2 Ke6 72. Kb4 Kd6 73. Kb5 Rb8+ 1/2-1/2

[Event "Mitropa Cup 19th"]
[Site "Baden"]
[Date "1999.04.04"]
[Round "4"]
[White "Gallagher, Joseph G"]
[Black "Lehner, Oliver"]
[Result "1-0"]
[WhiteElo "2519"]
[BlackElo "2408"]
[Annotator "Hecht"]
[PlyCount "185"]
[EventDate "1999.04.??"]
[EventType "team-tourn"]
[EventRounds "9"]
[EventCountry "SUI"]
[Source "ChessBase"]
[SourceDate "1999.08.01"]

1. e4 c5 2. Nf3 Nc6 3. c3 e6 4. d4 d5 5. exd5 exd5 6. Bb5 Bd6 7. dxc5 Bxc5 8.
O-O Nge7 9. Nbd2 O-O 10. Nb3 Bd6 11. Bd3 Bf5 12. Bg5 Qd7 13. Re1 Ng6 14. Nbd4
Nxd4 15. Nxd4 Bxd3 16. Qxd3 h6 17. Be3 Rfe8 18. Qb5 Rad8 19. Qxd7 Rxd7 20. Nf5
a6 21. Bd4 Rxe1+ 22. Rxe1 f6 23. g3 Kf7 24. Kg2 Nf8 25. Ne3 Bb8 26. Rd1 Ke6 27.
Bc5 Nh7 28. f4 g6 29. Re1 Kf7 30. f5 gxf5 31. Nxf5 h5 32. h4 Be5 33. Kf3 Nf8
34. Bxf8 Kxf8 {[#]  T+S vs T+L bei besserer weißer Bauern- und Königsstellung.
Taktik!} 35. g4 hxg4+ 36. Kxg4 b5 37. h5 a5 38. h6 Kg8 39. Nd4 {[#]} b4 {Der
Übergang ins Turmendspiel sieht sehr schlecht aus:} (39... Bxd4 40. cxd4 Kh7 (
40... Kf7 41. Kf5 Rd6 42. h7 Kg7 43. Re7+ Kh8 44. Kg6 Rd8 45. Rg7 f5 46. Rg8+
Rxg8+ 47. hxg8=Q+ Kxg8 48. Kxf5 Kf7 49. Ke5 $18) 41. Kf5 Kxh6 42. Kxf6 $18 {[#]
}) 40. Kf5 Kh7 41. Ne6 Rb7 (41... Rf7 $5 {Jetzt erreicht Weiß mit taktischen
Mitteln den Übergang in das Endspiel T vs L, wobei die Läuferpartei die zwei
Extrabauern nicht halten kann.}) 42. Nf8+ Kxh6 (42... Kh8 {Wo ist hier der
überzeugende Gewinn?}) 43. Rh1+ Kg7 44. Rh7+ Kxf8 45. Rxb7 bxc3 46. bxc3 Bxc3 {
[#]} 47. Rc7 d4 48. Kxf6 Ke8 49. Ke6 Kd8 50. Rc4 Bb2 51. a4 Ba1 52. Rc6 Bb2 53.
Rb6 Bc3 54. Rb7 Kc8 55. Rd7 Kb8 56. Kd6 Kc8 (56... d3 57. Kc6 d2 58. Kb6 Kc8
59. Rd5 Bb4 60. Rd3 $22 {[#]}) 57. Kc6 Kb8 58. Kb6 Kc8 59. Rd5 Bd2 60. Kc6 Bc3
61. Rd7 Kb8 62. Rc7 Bb4 63. Kb6 Bc3 64. Rc5 Bd2 65. Rc4 Be1 66. Kb5 Bc3 67. Ka6
$22 {[#]} Bb4 68. Rxd4 Kc7 69. Rc4+ {Der weiße Gewinnplan sieht das Abdrängen
des schwarzen Königs bis auf die g-Linie vor. Danach kehrt der weiße König zum
a-Bauern zurück. Der Turm muß dann den a-Bauern angreifen, bevor der schwarze
König die g-Linie verlassen hat. Nach dem Opfer Turm gegen Läufer + a-Bauer
erreicht der schwarze König nicht mehr rechtzeitig das rettende Feld c8.} Kd6 (
69... Kb8 70. Kb6 Bd2 (70... Be1 71. Re4 Bf2+ 72. Kb5 $18) 71. Rc2 Bb4 (71...
Be1 72. Re2 $18) (71... Be3+ 72. Kb5 $18) 72. Rc1 Bd2 (72... Ba3 73. Rh1 $18)
73. Rd1 Be3+ 74. Kb5 $18) 70. Kb6 Kd5 71. Rc6 Be1 72. Kb5 Bb4 73. Rg6 Bd2 74.
Rg8 Bb4 75. Rd8+ Ke6 76. Kc6 Ke7 77. Rd3 Ke8 78. Kc7 Ke7 79. Re3+ Kf7 80. Kc6
Kf6 81. Kd7 Kf5 82. Re6 Bc3 83. Kd6 Bb4+ 84. Kd5 Bc3 (84... Kf4 85. Re5 Bc3 86.
Re4+ Kf3) 85. Re3 Bb4 86. Rf3+ Kg6 87. Kc6 Kg7 88. Kb6 Kg6 89. Kb5 Kg7 90. Ka6
Kg6 91. Kb6 Kg5 92. Rf7 Bc3 93. Kb5 1-0

[Event "Mitropa Cup 19th"]
[Site "Baden"]
[Date "1999.04.04"]
[Round "4"]
[White "Hebesberger, Thomas"]
[Black "Jenni, Florian"]
[Result "0-1"]
[WhiteElo "2240"]
[BlackElo "2394"]
[PlyCount "66"]
[EventDate "1999.04.??"]
[EventType "team-tourn"]
[EventRounds "9"]
[EventCountry "SUI"]
[Source "ChessBase"]
[SourceDate "1999.08.01"]

1. d4 Nf6 2. Nf3 g6 3. Bg5 Bg7 4. Nbd2 O-O 5. c3 d5 6. e3 Nbd7 7. b4 Qe8 8. Be2
e5 9. Bxf6 Bxf6 10. Nb3 e4 11. Nfd2 Be7 12. b5 f5 13. g3 g5 14. c4 f4 15. cxd5
Nf6 16. Nc5 Bd6 17. Ne6 Bxe6 18. dxe6 Kh8 19. Qb3 Qe7 20. Rc1 Rg8 21. Qc4 a6
22. Qc2 Qxe6 23. bxa6 bxa6 24. Bc4 Qh3 25. Nxe4 Nxe4 26. Qxe4 Rae8 27. Qf3 Rgf8
28. e4 g4 29. Qe2 Qg2 30. Kd2 Rxe4 31. Qxg4 fxg3 32. Qh5 Qxf2+ 33. Kc3 Qxd4+
0-1

[Event "Mitropa Cup 19th"]
[Site "Baden"]
[Date "1999.04.04"]
[Round "4"]
[White "Huebner, Robert"]
[Black "Stohl, Igor"]
[Result "1/2-1/2"]
[WhiteElo "2585"]
[BlackElo "2573"]
[Annotator "Ribli"]
[PlyCount "66"]
[EventDate "1999.04.??"]
[EventType "team-tourn"]
[EventRounds "9"]
[EventCountry "SUI"]
[Source "ChessBase"]
[SourceDate "1999.08.01"]

1. c4 Nf6 2. Nc3 e6 3. e4 {Die sogenannte Mikenas-Variante ist die schärfste
Variante in der Englische Eroeffnung. Weiß strebt sofort nach Initiative im
Zentrum. Ribli.} d5 {Das ist die prinzipielle Fortsetzung. Die Alternative
wäre 3...c5.} 4. e5 d4 5. exf6 dxc3 6. bxc3 Qxf6 7. Nf3 {Das ist die neueste
Mode. Früher spielte man 7.d4, wonach 7...e5 dem Schwarzen gute
Ausgleichschancen bietet.} e5 8. Bd3 {das ist die weiße Idee. Er strebt
schnelle Figurenentwicklung an, möchte d2-d4 eventuell später ziehen.} Na6 {
[%cal Ga6c5]} 9. O-O Bd6 10. Bc2 (10. Re1 {Das ist die andere Möglichkeit.
Weiß spielt gegen den Bauern e5.} O-O 11. Qc2 (11. Nxe5 $6 Bxe5 (11... Nc5 $6
12. Bc2 Bxe5 13. Qh5 {[%cal Rh5e5,Rh5h7]} Bxh2+ 14. Kxh2 Qd6+ 15. Qe5 Qxe5+ 16.
Rxe5 $36) (11... Re8 $5) 12. Qh5 {[%cal Rh5e5,Rh5h7]} Bxh2+ 13. Qxh2 Bf5 14.
Be2 (14. Bxf5 Qxf5 15. Qe5 Qxe5 16. Rxe5 Rfe8 $15) (14. Bf1 Rfe8 15. Ba3 Qg5
16. Re3 Rxe3 17. fxe3 Be4 18. Qf4 Qg6 19. Rd1 Rd8 $15 {Schwarz hat bequemes
Spiel, während Weiß Probleme mit der Bauernstruktur hat.}) 14... Rfe8 15. d4
Bd3 16. Be3 Bxe2 17. Rxe2 $11) 11... Kh8 12. Be4 Nc5 13. d4 Nxe4 14. Qxe4 exd4
15. cxd4 c6 16. Bg5 Qf5 $11) 10... Bg4 (10... O-O 11. d4 exd4 12. cxd4 Bf5 13.
Rb1 Rab8 14. Bg5 Qg6 15. Bxf5 Qxf5 16. Re1 {1/2-1/2 Hauchard,A-Levacic,D/
FRA-chT 1993/TD 93\08 (65)}) 11. d4 (11. Rb1 O-O-O 12. d4 Bxf3 13. Qxf3 Qxf3
14. gxf3 $11 {Weiß hat zwei Doppelauern, besitzt aber das Läuferpaar.}) 11...
Bxf3 {Schwarz nimmt sofort auf f3. Das ist eine gute Entscheidung, sonst kann
Weiß den Springer mit dem Läufer decken.} (11... O-O-O $6 12. Be4 Bxf3 13. Bxf3
c6 14. Rb1 exd4 15. cxd4 Rhe8 16. Qa4 Re7 17. Bg4+ {1-0 Vanderwaeren,S-Praet,M/
Geel 1996/EXT 97 (17)}) 12. Qxf3 Qxf3 13. gxf3 exd4 {Schwarz rochiert nicht.
Er möchte zuerst die Lage im Zentrum klären.} (13... O-O-O 14. Rb1 c5 15. Be4
b6 16. dxe5 Bxe5 17. Rb3 Nb8 18. Be3 Kc7 19. Rfb1 Nc6 20. Bd5 Rd7 21. f4 {1/
2-1/2 Gelfand,B-Jussupow,A/Erevan 1996/EXT 96ch2 (21)}) 14. Re1+ (14. cxd4 c5
15. Rb1 O-O-O $11 {Der schwarze König findet Ruhe auf c8. Die Stellung ist
gleich.}) 14... Kd7 $5 $146 {Schwarz hat keine Angst vor 15.Bf5+. Es sei
angemerkt, daß auch der andere Königszug - 14...Kd8 - für Schwarz gut spielbar
ist.} (14... Kd8 15. Be4 (15. cxd4 c5 16. Be4 Kc7 17. Rb1 Rab8 $11) 15... Rb8
$5 16. cxd4 c5 17. Be3 Kc7 $11 18. Rab1 (18. Kg2) 18... Rhd8 19. d5 (19. Kg2)
19... b6 20. f4 Re8 21. Bd2 Re7 $6 22. Bxh7 $5 $14 {0-1 Milov,V-Dizdar,G/
Dresden 1998/CBM 65_03/[Ribli] (39)}) 15. Bf5+ Kd8 16. cxd4 (16. Be4 {[%csl
Rb7][%cal Re4b7,Rb7a6,Rb7a8]} Rb8 17. cxd4 c5 18. Be3 Kc7 $11 {Und mit
Zugumstellung haben wir die Stellung aus der Partie Milov,V - Dizdar,G 
(Dresden 1998).}) 16... c5 {Das ist der schwarze Schlüsselzug. Er möchte die
weiße Zentrumsstellung blockieren.} 17. Bb2 {[%cal Gb2h8]} (17. d5 Kc7 $11)
17... Kc7 {[%csl Gc7]} 18. Kf1 {[%csl Rg7][%cal Gb2g7] Weiß vermeidet mögliche
Unannehmlichkeiten in der g-Linie und nach 19.dxc5 hängt jetzt der Bauer auf
g7.} (18. dxc5 $6 Nxc5 19. Bxg7 $4 Rhg8 $19 {[%cal Rg8g1]}) 18... cxd4 19. Bxd4
f6 $11 {Schwarz verteidigt den g-Bauern und schränkt den Läufer d4 in seiner
Beweglichkeit ein.} 20. h4 Rhe8 (20... Nc5 $11) (20... Rad8 $6 21. Bxa7 $5 $14)
21. h5 h6 {Schwarz verhindert die Möglichkeit 22.h5-h6.} 22. Re4 Rxe4 (22...
Nc5 $11) (22... Bc5 $11) 23. fxe4 {Auf diese Weise hat Weiß endlich eine
"normale" Bauernstruktur, aber sein Läuferpaar ist nicht besonders stark, denn
Schwarz kontrolliert die wichtigsten Felder.} (23. Bxe4 Bc5 $15 (23... Nc5 $11)
) 23... Be5 $5 (23... Bc5 24. Bc3 Rd8 $11) 24. Bxe5+ (24. Rd1 Bxd4 (24... Rd8
25. Bxe5+ fxe5 $15) 25. Rxd4 Nc5 $15 {[%csl Gc5]}) 24... fxe5 25. Ke2 {[%cal
Ga1g1,Gg1g7] Weiß aktiviert seinen König und droht 26.Rg1.} Re8 26. f4 $5 {Mit
diesem zeitweiligen Bauernopfer strebt Weiß nach Aktivität im Endspiel.} (26.
Rg1 Re7 $11) 26... exf4 27. Kf3 $36 {[%csl Gf3]} Nb4 {[%cal Gb4d3,Gd3e5]} 28.
Rd1 $5 {[%cal Gd1d7,Gd7a7,Gd7g7] Weiß vermeidet 28...Nd3 und aktiviert den
Turm.} (28. Kxf4 Nd3+ 29. Ke3 Ne5 {[%csl Ge5]}) 28... Nxa2 29. Rd7+ Kb6 (29...
Kc6 $6 30. Rxg7 $14 {[%csl Rc6][%cal Rf5d7,Rd7c6,Rd7e8]}) 30. Kxf4 Nb4 31. Rxg7
a5 $132 {Der entfernte schwarze Freibauer ist für Weiß gefährlich, denn seine
Figuren sind am falschen Flügel.} 32. c5+ Kxc5 33. Rxb7 Ra8 $11 {[%cal Ga5a4,
Ga4a3,Ga3a2,Ga2a1] Und hier wurde in gleicher Stellung Remis vereinbart.
Schwarz beabsichtigt ...a5-a4-a3 usw., aber Weiß kann nicht verlieren. Am
einfachsten spielt er 34.Be6 und greift dann den Bauern h6 an.} (33... a4 $2
34. Ra7 Kb5 35. Bd7+ {[%cal Rd7e8,Rd7b5]}) 1/2-1/2